[Event "Rostov-ch"]
[Site "Rostov on Don"]
[Date "2010.??.??"]
[Round "5"]
[White "Milushev, Oleg"]
[Black "Zinchenko, Anatoly"]
[Result "1-0"]
[WhiteElo "2163"]
[BlackElo "2089"]
[PlyCount "176"]
[EventDate "2010.11.21"]
[EventType "swiss"]
[EventRounds "9"]
[EventCountry "RUS"]
[SourceTitle "EXT 2012"]
[Source "ChessBase"]
[SourceDate "2011.11.24"]
[SourceVersion "1"]
[SourceVersionDate "2011.11.24"]
[SourceQuality "1"]

1. d4 d5 2. c4 c6 3. Nf3 Nf6 4. Nc3 e6 5. e3 Nbd7 6. Qc2 Bd6 7. g4 Nxg4 8. Rg1 h5 9. h3 Qf6 10. Be2 Nh2 11. Ng5 Ng4 12. Nge4 dxe4 13. hxg4 Bh2 14. g5 Qg6 15. Rg2 Bc7 16. Qxe4 Qxe4 17. Nxe4 g6 18. f4 b6 19. Bf3 Bb7 20. b3 0-0-0 21. Bb2 Rhg8 22. 0-0-0 Nb8 23. c5 Na6 24. Ba3 b5 25. Nd2 Ba5 26. Ne4 Bc7 27. Nf2 Kb8 28. Nd3 Rd7 29. Be4 Rgd8 30. Rf2 Re7 31. Bb2 Ka8 32. Bc3 Nb8 33. a4 bxa4 34. bxa4 Rc8 35. Ne5 Bxe5 36. fxe5 Rcc7 37. Ba5 Rcd7 38. Rb2 Na6 39. Rd3 Nb8 40. Rdb3 Re8 41. Be1 a6 42. Rb6 Ka7 43. Bc3 Ree7 44. Kd2 Re8 45. Ke1 Ree7 46. Kf2 Re8 47. Kg3 Ree7 48. Kh4 Re8 49. Rb1 Ree7 50. Rf1 Rd8 51. Ba5 Rg8 52. Rb2 Rd7 53. Rbf2 Rg7 54. Bd3 Ka8 55. Rf4 Ka7 56. R1f2 Ka8 57. Kg3 Ka7 58. Kg2 Ka8 59. Kf1 Ka7 60. Ke1 Ka8 61. Kd2 Ka7 62. Kc3 Ka8 63. Bc4 Ka7 64. Kd3 Ka8 65. e4 Ka7 66. Ke3 Re7 67. Ba2 Ka8 68. Kd2 Ka7 69. Kc2 Ka8 70. Bc3 Rh7 71. Rf6 Nd7 72. R6f3 Nb8 73. Ba5 Rd7 74. Kc3 Rg7 75. Rf6 Re7 76. Rf1 Ka7 77. Bd8 Rd7 78. Bb6+ Ka8 79. Kd3 Re7 80. Ke3 Rd7 81. Bxe6 fxe6 82. Rxe6 Rg8 83. Rff6 Rdg7 84. Rd6 Nd7 85. e6 Nxb6 86. cxb6 Re7 87. Rf7 Rge8 88. Rd7 Bc8 1-0

[Event "Rostov-ch"]
[Site "Rostov on Don"]
[Date "2010.??.??"]
[Round "3"]
[White "Reva, Kirill"]
[Black "Zinchenko, Anatoly"]
[Result "0-1"]
[WhiteElo "1899"]
[BlackElo "2089"]
[PlyCount "88"]
[EventDate "2010.11.21"]
[EventType "swiss"]
[EventRounds "9"]
[EventCountry "RUS"]
[SourceTitle "EXT 2012"]
[Source "ChessBase"]
[SourceDate "2011.11.24"]
[SourceVersion "1"]
[SourceVersionDate "2011.11.24"]
[SourceQuality "1"]

1. c4 c5 2. Nc3 b6 3. Nf3 e6 4. g3 Bb7 5. Bg2 Nf6 6. 0-0 Be7 7. d3 0-0 8. a3 d5 9. Re1 d4 10. Nb1 Nbd7 11. Bg5 h6 12. Bxf6 Nxf6 13. Nbd2 Qc7 14. b4 cxb4 15. axb4 Bxb4 16. Rc1 e5 17. e3 dxe3 18. Rxe3 Bc5 19. Re2 Rfe8 20. Qe1 Bb4 21. Qd1 Rad8 22. Qc2 Qd6 23. Nf1 Bxf3 24. Bxf3 Qxd3 25. Ne3 Qxc2 26. Rcxc2 Rd3 27. Bc6 Rc8 28. Bb5 Bc5 29. Nf1 e4 30. Kg2 Ra3 31. Nd2 a6 32. Bxa6 Rxa6 33. Nxe4 Nxe4 34. Rxe4 Rca8 35. h4 Ra2 36. Ree2 Rxc2 37. Rxc2 Ra3 38. h5 Rb3 39. g4 Bb4 40. Ra2 Rc3 41. Ra8+ Kh7 42. f4 Rxc4 43. Kf3 Bd6 44. f5 Rf4+ 0-1

[Event "RUS-ch 60th zt"]
[Site "Rostov on Don"]
[Date "2007.03.??"]
[Round "5"]
[White "Movldiev, Ibragim"]
[Black "Zinchenko, Anatoly"]
[Result "0-1"]
[WhiteElo "1981"]
[BlackElo "2112"]
[PlyCount "80"]
[EventDate "2007.03.16"]
[EventType "swiss"]
[EventRounds "9"]
[EventCountry "RUS"]
[SourceTitle "EXT 2022"]
[Source "ChessBase"]
[SourceDate "2021.10.06"]
[SourceVersion "1"]
[SourceVersionDate "2021.10.06"]
[SourceQuality "1"]

1. e4 d5 2. exd5 Qxd5 3. Nc3 Qd6 4. d4 Nf6 5. Nf3 Bg4 6. Be2 Bxf3 7. Bxf3 c6 8. 0-0 e6 9. Bg5 Nbd7 10. Qd2 Qc7 11. Rfe1 Be7 12. Rad1 0-0 13. d5 cxd5 14. Nxd5 Nxd5 15. Bxe7 Rfe8 16. Bxd5 Rxe7 17. Bf3 Ne5 18. Bxb7 Qxb7 19. Rxe5 Qxb2 20. Qa5 g6 21. c4 Rb8 22. Rb5 Rxb5 23. Qd8+ Kg7 24. cxb5 Rb7 25. a4 Qc2 26. Qd4+ f6 27. h3 e5 28. Qd5 Rc7 29. a5 Rc5 30. Qd7+ Kh6 31. b6 axb6 32. axb6 Qb2 33. Qd3 Qxb6 34. Qe3+ g5 35. Rd7 Qb1+ 36. Kh2 Rc1 37. Rd6 Rh1+ 38. Kg3 Qf5 39. f3 Kg6 40. Qb3 Kg7 0-1